[Event "CRO-chT2 West"]
[Site "Croatia"]
[Date "2013.10.20"]
[Round "9.24"]
[White "Kanceljak, Dalia"]
[Black "Zilic, Boris"]
[Result "1/2-1/2"]
[WhiteElo "1907"]
[BlackElo "2085"]
[PlyCount "21"]
[EventDate "2013.03.16"]
[EventType "team-tourn"]
[EventRounds "9"]
[EventCountry "CRO"]
[SourceTitle "EXT 2019"]
[Source "ChessBase"]
[SourceDate "2018.10.10"]
[SourceVersion "1"]
[SourceVersionDate "2018.10.10"]
[SourceQuality "1"]
[WhiteTeam "Rijeka CC II"]
[BlackTeam "Rijeka Maestral"]
[WhiteTeamCountry "CRO"]
[BlackTeamCountry "CRO"]

1. e4 g6 2. Nf3 Bg7 3. d4 d6 4. Be2 c5 5. c3 cxd4 6. cxd4 Nc6 7. 0-0 Qb6 8. d5 Nd4 9. Nxd4 Bxd4 10. Nc3 Bd7 11. Qd3 1/2-1/2

[Event "CRO-chT2 West"]
[Site "Croatia"]
[Date "2013.04.21"]
[Round "5.25"]
[White "Kanceljak, Dalia"]
[Black "Levar, Nenad"]
[Result "1/2-1/2"]
[WhiteElo "1907"]
[BlackElo "2124"]
[PlyCount "32"]
[EventDate "2013.03.16"]
[EventType "team-tourn"]
[EventRounds "9"]
[EventCountry "CRO"]
[SourceTitle "EXT 2019"]
[Source "ChessBase"]
[SourceDate "2018.10.10"]
[SourceVersion "1"]
[SourceVersionDate "2018.10.10"]
[SourceQuality "1"]
[WhiteTeam "Rijeka CC II"]
[BlackTeam "Karlobag"]
[WhiteTeamCountry "CRO"]
[BlackTeamCountry "CRO"]

1. e4 c5 2. Nf3 Nc6 3. Be2 e6 4. d4 cxd4 5. Nxd4 Nf6 6. Nc3 d6 7. 0-0 Be7 8. Be3 0-0 9. f4 a6 10. a4 Qc7 11. Qe1 Nxd4 12. Bxd4 e5 13. fxe5 dxe5 14. Qg3 Bc5 15. Bxc5 Qxc5+ 16. Kh1 Qe7 1/2-1/2

[Event "CRO-chT (Women) 21st"]
[Site "Sibenik"]
[Date "2012.09.23"]
[Round "1.4"]
[White "Vujnovic, Patricija"]
[Black "Kanceljak, Dalia"]
[Result "0-1"]
[WhiteElo "1989"]
[BlackElo "1920"]
[PlyCount "110"]
[EventDate "2012.09.23"]
[EventType "team-tourn"]
[EventRounds "9"]
[EventCountry "CRO"]
[SourceTitle "CBM 150 Extra"]
[Source "ChessBase"]
[SourceDate "2012.10.19"]
[SourceVersion "1"]
[SourceVersionDate "2012.10.19"]
[SourceQuality "1"]
[WhiteTeam "Rijeka Liburnija (W)"]
[BlackTeam "Rijeka Milenij Hoteli (W)"]
[WhiteTeamCountry "CRO"]
[BlackTeamCountry "CRO"]

1. d4 d5 2. Nf3 Nf6 3. Bf4 e6 4. e3 c5 5. c3 Bd6 6. Bg3 Bxg3 7. hxg3 c4 8. Nbd2 Nc6 9. b3 b5 10. a4 b4 11. cxb4 c3 12. Nb1 Ne4 13. Bb5 Qe7 14. Ne5 Bd7 15. Bxc6 Bxc6 16. Qc2 h6 17. Nd3 Rb8 18. 0-0 0-0 19. Rc1 Rfc8 20. Ra2 Be8 21. Qe2 f6 22. Rac2 Bg6 23. Qd1 Qb7 24. Nxc3 Nxc3 25. Rxc3 Rxc3 26. Rxc3 Bxd3 27. Qxd3 Qxb4 28. Kh2 f5 29. Qc2 Rb7 30. Rc8+ Kf7 31. Rc7+ Kf6 32. Rxb7 Qxb7 33. Qc3 Qf7 34. f3 Qh5+ 35. Kg1 Qf7 36. b4 Qd7 37. b5 Qd6 38. Kh2 h5 39. Qc5 Qb8 40. a5 h4 41. f4 hxg3+ 42. Kxg3 g5 43. b6 gxf4+ 44. exf4 axb6 45. axb6 Qg8+ 46. Kf2 Qa8 47. Qb4 Qa2+ 48. Ke3 Qc2 49. b7 Qe4+ 50. Kd2 Qxf4+ 51. Kc3 Qg3+ 52. Kb2 Qxg2+ 53. Ka3 Qg3+ 54. Ka4 Qb8 55. Ka5 Qa7+ 0-1

[Event "Valpovo op (Women)"]
[Site "Valpovo"]
[Date "2010.12.05"]
[Round "7"]
[White "Grgic, Neomi"]
[Black "Kanceljak, Dalia"]
[Result "1-0"]
[WhiteElo "1661"]
[BlackElo "1906"]
[PlyCount "59"]
[EventDate "2010.12.03"]
[EventType "swiss"]
[EventRounds "7"]
[EventCountry "CRO"]
[SourceTitle "CBM 139 Extra"]
[Source "ChessBase"]
[SourceDate "2011.01.05"]
[SourceVersion "1"]
[SourceVersionDate "2011.01.05"]
[SourceQuality "1"]

1. e4 c5 2. Nf3 e6 3. d4 cxd4 4. Nxd4 d6 5. Nc3 Nf6 6. g4 Be7 7. g5 Nfd7 8. h4 Nc6 9. Be3 a6 10. f4 Nxd4 11. Qxd4 e5 12. Qd2 exf4 13. Bxf4 Nc5 14. 0-0-0 Bg4 15. Be2 Bxe2 16. Qxe2 Ne6 17. Bxd6 Bxd6 18. e5 0-0 19. exd6 Qa5 20. Qd2 Rac8 21. Kb1 Rc4 22. Nd5 Qc5 23. Rh3 Rd4 24. Rd3 Rxh4 25. Qe3 Qa5 26. Qg3 Rc4 27. Rh1 Qa4 28. b3 Qb5 29. Ne7+ Kh8 30. Rxh7+ 1-0

[Event "Valpovo op (Women)"]
[Site "Valpovo"]
[Date "2010.12.04"]
[Round "4"]
[White "Kanceljak, Dalia"]
[Black "Sargac, Rajna"]
[Result "0-1"]
[WhiteElo "1906"]
[BlackElo "2192"]
[PlyCount "100"]
[EventDate "2010.12.03"]
[EventType "swiss"]
[EventRounds "7"]
[EventCountry "CRO"]
[SourceTitle "CBM 139 Extra"]
[Source "ChessBase"]
[SourceDate "2011.01.05"]
[SourceVersion "1"]
[SourceVersionDate "2011.01.05"]
[SourceQuality "1"]

1. e4 e6 2. d4 d5 3. Nd2 a6 4. Ngf3 c5 5. exd5 exd5 6. dxc5 Bxc5 7. Nb3 Bb6 8. h3 Nf6 9. Bd3 0-0 10. 0-0 Nc6 11. c3 Qd6 12. Nbd4 Nxd4 13. Nxd4 Bc7 14. f4 Ne4 15. Qf3 f5 16. Bxe4 dxe4 17. Qe2 Be6 18. Nxe6 Qxe6 19. Be3 Rad8 20. Bd4 Rd7 21. Qe3 Rfd8 22. Kh1 b5 23. b4 Bd6 24. Bb6 Rc8 25. a3 Be7 26. Rad1 Bf6 27. Rxd7 Qxd7 28. Bd4 Bxd4 29. cxd4 Qd5 30. Rc1 Rd8 31. Rd1 Rc8 32. Rc1 Rc4 33. Rxc4 Qxc4 34. Kg1 Kf7 35. d5 Qxd5 36. Qa7+ Kg6 37. Qxa6+ Kh5 38. Qa7 Kh6 39. Qe7 Qd4+ 40. Kh2 Qf6 41. Qc5 g5 42. fxg5+ Kxg5 43. Qxb5 Qd6+ 44. Kh1 e3 45. Qe2 Qd2 46. h4+ Kxh4 47. Qc4+ Kg3 48. Qg8+ Kf2 49. Kh2 Qd6+ 50. g3 Qh6# 0-1

[Event "Mediterranean op-B 4th"]
[Site "Rijeka"]
[Date "2010.11.15"]
[Round "4"]
[White "Pejic, Irving"]
[Black "Kanceljak, Dalia"]
[Result "1-0"]
[WhiteElo "2116"]
[BlackElo "1911"]
[PlyCount "91"]
[EventDate "2010.11.13"]
[EventType "swiss"]
[EventRounds "9"]
[EventCountry "CRO"]
[SourceTitle "EXT 2011"]
[Source "ChessBase"]
[SourceDate "2010.11.26"]
[SourceVersion "1"]
[SourceVersionDate "2010.11.26"]
[SourceQuality "1"]

1. e4 c5 2. Nf3 d6 3. c4 g6 4. d4 Bg7 5. Nc3 cxd4 6. Nxd4 Qb6 7. Ndb5 Nf6 8. Be2 Nc6 9. 0-0 0-0 10. Be3 Qd8 11. f3 Bd7 12. Qd2 Re8 13. Rac1 b6 14. Nd5 Rb8 15. Bg5 a6 16. Bxf6 exf6 17. Nbc7 Re5 18. Nxa6 Rb7 19. Nab4 f5 20. Nxc6 Bxc6 21. Nb4 Bd7 22. Qxd6 fxe4 23. Nc6 Qg5 24. Nxe5 Bxe5 25. f4 Qxg2+ 26. Kxg2 Bxd6 27. Rcd1 Bc5 28. Kg3 f5 29. Rd5 Kf7 30. Rfd1 Ke6 31. Rb1 Ra7 32. a3 g5 33. Rbd1 Ba4 34. Re5+ Kf6 35. Rdd5 Bd7 36. fxg5+ Kg6 37. Kf4 Bg1 38. Rd6+ Kf7 39. Bh5+ Kg8 40. Kg3 f4+ 41. Kxf4 e3 42. Kg3 Bf2+ 43. Kf3 Bg1 44. Kg2 Bf2 45. Rxb6 Rc7 46. Rb8+ 1-0

[Event "CRO-chT (Women)"]
[Site "Sibenik"]
[Date "2010.09.06"]
[Round "3"]
[White "Kanceljak, Dalia"]
[Black "Starcevic, Andrea"]
[Result "1-0"]
[WhiteElo "1906"]
[BlackElo "1770"]
[PlyCount "85"]
[EventDate "2010.09.04"]
[EventType "team-tourn"]
[EventRounds "9"]
[EventCountry "CRO"]
[SourceTitle "CBM 138 Extra"]
[Source "ChessBase"]
[SourceDate "2010.10.29"]
[SourceVersion "1"]
[SourceVersionDate "2010.10.29"]
[SourceQuality "1"]

1. e4 c5 2. Nf3 e6 3. d4 cxd4 4. Nxd4 a6 5. Be2 Qc7 6. 0-0 Nf6 7. Nc3 Be7 8. Be3 Nc6 9. f4 d6 10. Qe1 0-0 11. Qg3 Re8 12. f5 Nxd4 13. Bxd4 e5 14. Be3 Kh8 15. a4 b6 16. Qh3 Bb7 17. Bf3 Bc6 18. Bg5 Nd7 19. Bd2 f6 20. Bh5 Red8 21. Bg6 Nf8 22. Bf7 Rdb8 23. Rf3 Bd8 24. Qh5 Ra7 25. Bb3 b5 26. Be3 bxa4 27. Nxa4 Raa8 28. Nc3 a5 29. Rg3 Qd7 30. Bh6 Bb6+ 31. Kh1 g5 32. fxg6 Nxg6 33. Rxg6 hxg6 34. Qxg6 Qe7 35. Rf1 Bd4 36. Rxf6 Bxc3 37. Rf7 Qxf7 38. Bxf7 Rg8 39. Bxg8 Rxg8 40. Qh5 Bxe4 41. Bg5+ Kg7 42. Qh6+ Kf7 43. Qf6+ 1-0

[Event "EU-ch (Women) 11th"]
[Site "Rijeka"]
[Date "2010.03.17"]
[Round "11"]
[White "Racki, Barbara"]
[Black "Kanceljak, Dalia"]
[Result "0-1"]
[WhiteElo "1698"]
[BlackElo "1939"]
[PlyCount "81"]
[EventDate "2010.03.06"]
[EventType "swiss"]
[EventRounds "11"]
[EventCountry "CRO"]
[SourceTitle "CBM 135 Extra"]
[Source "ChessBase"]
[SourceDate "2010.05.04"]
[SourceVersion "1"]
[SourceVersionDate "2010.05.04"]
[SourceQuality "1"]

1. e4 c5 2. Nf3 e6 3. c3 d5 4. exd5 exd5 5. d4 Nf6 6. Bd3 Bd6 7. 0-0 0-0 8. dxc5 Bxc5 9. Bf4 Nc6 10. Nbd2 Bg4 11. Qa4 a6 12. Bg5 Bxf3 13. Nxf3 h6 14. Bh4 Qd6 15. Rad1 b5 16. Qc2 Kh8 17. Bg3 Qd8 18. Qc1 Nh5 19. Bb1 Ra7 20. Ne5 Nxg3 21. Qc2 Ne4 22. Nxc6 Qg5 23. Nxa7 Bxa7 24. Kh1 Qh5 25. Rd3 Re8 26. Rf3 f5 27. Kg1 Qg5 28. Rd1 Re6 29. Qc1 Qh5 30. Bxe4 fxe4 31. Rf8+ Kh7 32. Re1 Bc5 33. Ra8 Rf6 34. Rf1 Qf5 35. Qc2 Qg4 36. g3 Rf5 37. Rxa6 Qh3 38. Qe2 Rh5 39. Qxh5 Qxh5 40. Ra8 Qf3 41. h3 0-1

[Event "EU-ch (Women) 11th"]
[Site "Rijeka"]
[Date "2010.03.10"]
[Round "5"]
[White "Van Weersel, Arlette"]
[Black "Kanceljak, Dalia"]
[Result "1-0"]
[WhiteElo "2197"]
[BlackElo "1939"]
[PlyCount "67"]
[EventDate "2010.03.06"]
[EventType "swiss"]
[EventRounds "11"]
[EventCountry "CRO"]
[SourceTitle "CBM 135 Extra"]
[Source "ChessBase"]
[SourceDate "2010.05.04"]
[SourceVersion "1"]
[SourceVersionDate "2010.05.04"]
[SourceQuality "1"]

1. e4 c5 2. Nf3 Nc6 3. d4 cxd4 4. Nxd4 Nf6 5. Nc3 e6 6. Nxc6 bxc6 7. Bd3 e5 8. 0-0 Be7 9. f4 d6 10. h3 Qb6+ 11. Kh1 0-0 12. Qf3 Bb7 13. Be3 Qa5 14. b4 Qc7 15. fxe5 dxe5 16. Rab1 Nd7 17. Bc4 Nf6 18. Bg5 Rad8 19. Ne2 Kh8 20. Rb3 Nxe4 21. Bxe7 Nd2 22. Bxd8 Qxd8 23. Rd1 Qg5 24. Rxd2 Qxd2 25. Qf5 f6 26. Bd3 Qh6 27. Qd7 Ba8 28. Be4 Qh4 29. Ng3 Qf4 30. Rf3 Qc1+ 31. Rf1 Qh6 32. Nf5 Qg5 33. Rf3 g6 34. Qg7# 1-0

[Event "EU-ch (Women) 11th"]
[Site "Rijeka"]
[Date "2010.03.08"]
[Round "3"]
[White "Kanceljak, Dalia"]
[Black "Nemcova, Katerina"]
[Result "1-0"]
[WhiteElo "1939"]
[BlackElo "2264"]
[PlyCount "75"]
[EventDate "2010.03.06"]
[EventType "swiss"]
[EventRounds "11"]
[EventCountry "CRO"]
[SourceTitle "CBM 135 Extra"]
[Source "ChessBase"]
[SourceDate "2010.05.04"]
[SourceVersion "1"]
[SourceVersionDate "2010.05.04"]
[SourceQuality "1"]

1. e4 c5 2. Nf3 e6 3. d4 cxd4 4. Nxd4 a6 5. Nc3 Qc7 6. Be2 Nf6 7. 0-0 Nc6 8. Be3 Be7 9. f4 d6 10. Qe1 0-0 11. Kh1 Bd7 12. Rd1 b5 13. a3 Nxd4 14. Bxd4 Bc6 15. e5 Nd7 16. Qg3 dxe5 17. fxe5 Rad8 18. Bd3 Bc5 19. Qh4 h6 20. Rde1 Qb7 21. Rf2 Qa7 22. Rf4 Qa8 23. Qg3 Bxd4 24. Rxd4 Nc5 25. Rg4 Nxd3 26. cxd3 Kh8 27. Rf1 g6 28. Rh4 h5 29. Rf6 Kg7 30. Ne2 Rh8 31. Nf4 Rh6 32. Qg5 Rc8 33. Nxh5+ Rxh5 34. Rxh5 Bxg2+ 35. Kg1 Qa7+ 36. Rf2 Kg8 37. Rh4 Qc5 38. Qf6 1-0

[Event "EU-ch (Women) 11th"]
[Site "Rijeka"]
[Date "2010.03.06"]
[Round "1"]
[White "Borosova, Zuzana"]
[Black "Kanceljak, Dalia"]
[Result "1-0"]
[WhiteElo "2307"]
[BlackElo "1939"]
[PlyCount "107"]
[EventDate "2010.03.06"]
[EventType "swiss"]
[EventRounds "11"]
[EventCountry "CRO"]
[SourceTitle "CBM 135 Extra"]
[Source "ChessBase"]
[SourceDate "2010.05.04"]
[SourceVersion "1"]
[SourceVersionDate "2010.05.04"]
[SourceQuality "1"]

1. e4 c5 2. Nf3 e6 3. d4 cxd4 4. Nxd4 d6 5. Nc3 Nf6 6. g3 Be7 7. Bg2 0-0 8. 0-0 Nc6 9. Be3 Bd7 10. Nb3 Ne5 11. Qe2 Qc8 12. Rad1 Qc4 13. Qe1 Qc7 14. f4 Nc4 15. Bc1 Rac8 16. Kh1 b5 17. Nd4 b4 18. Nb1 a5 19. c3 Qc5 20. b3 Nb6 21. Be3 Qc7 22. cxb4 a4 23. bxa4 Nxa4 24. Rc1 Qb8 25. a3 Ng4 26. Bg1 Rxc1 27. Qxc1 Rc8 28. Qd1 h5 29. Bf3 Nc3 30. Qd2 Nb5 31. Nxb5 Bxb5 32. Rc1 Nf6 33. Rxc8+ Qxc8 34. Qc3 Qb7 35. Nd2 Bc6 36. Qd4 Qb5 37. Qb6 Qa4 38. Qe3 Qc2 39. h3 d5 40. e5 Ne8 41. Nb3 Qf5 42. Kg2 Qc2+ 43. Bf2 Ba4 44. Nd4 Qb2 45. f5 Nc7 46. fxe6 fxe6 47. Bxh5 Bd7 48. Bg6 Qa1 49. Qf3 Be8 50. Bxe8 Nxe8 51. Qb3 Nc7 52. Qc2 Bd8 53. a4 Qa3 54. b5 1-0

[Event "Djakovo (Women) op 5th"]
[Site "Djakovo"]
[Date "2010.02.27"]
[Round "4"]
[White "Kanceljak, Dalia"]
[Black "Grgic, Neomi"]
[Result "1-0"]
[WhiteElo "1939"]
[BlackElo "1639"]
[PlyCount "69"]
[EventDate "2010.02.27"]
[EventType "swiss"]
[EventRounds "7"]
[EventCountry "CRO"]
[SourceTitle "CBM 135 Extra"]
[Source "ChessBase"]
[SourceDate "2010.05.04"]
[SourceVersion "1"]
[SourceVersionDate "2010.05.04"]
[SourceQuality "1"]

1. e4 e5 2. Nf3 Nc6 3. Bb5 a6 4. Ba4 Nf6 5. d3 b5 6. Bb3 Bc5 7. c3 d5 8. exd5 Nxd5 9. Ng5 Bf5 10. Nxf7 Kxf7 11. Qf3 Nce7 12. g4 g6 13. gxf5 gxf5 14. Qh5+ Ke6 15. Bg5 Qd7 16. Qh4 Ng6 17. Qh3 Be7 18. Bh6 Bf8 19. Nd2 Bxh6 20. Qxh6 Kf6 21. h4 Kf7 22. Nf3 Rae8 23. 0-0-0 a5 24. h5 Ngf4 25. Nxe5+ Rxe5 26. Qxf4 Kf6 27. Qh4+ Kf7 28. h6 a4 29. Bxd5+ Rxd5 30. Rhg1 Rg8 31. Rxg8 Kxg8 32. Rg1+ Kf8 33. Qf6+ Qf7 34. Qh8+ Ke7 35. Rg7 1-0

[Event "Mediterranean op 3rd"]
[Site "Rijeka"]
[Date "2009.12.03"]
[Round "7"]
[White "Padjen, Zdenko"]
[Black "Kanceljak, Dalia"]
[Result "1/2-1/2"]
[WhiteElo "2082"]
[BlackElo "1919"]
[PlyCount "83"]
[EventDate "2009.11.27"]
[EventType "swiss"]
[EventRounds "9"]
[EventCountry "CRO"]
[SourceTitle "CBM 133 Extra"]
[Source "ChessBase"]
[SourceDate "2010.01.05"]
[SourceVersion "1"]
[SourceVersionDate "2010.01.05"]
[SourceQuality "1"]

1. e4 c5 2. Nf3 e6 3. d3 Nc6 4. g3 g6 5. Bg2 Bg7 6. 0-0 Nge7 7. Re1 0-0 8. Nbd2 d5 9. e5 Qc7 10. Qe2 b6 11. Nf1 Nf5 12. c3 Ba6 13. Bf4 c4 14. d4 b5 15. a3 Rab8 16. g4 Nfe7 17. Qd2 Bc8 18. h4 a5 19. Ng3 b4 20. axb4 axb4 21. Bh6 Bd7 22. Bxg7 Kxg7 23. Qg5 Ng8 24. Nh5+ Kh8 25. Nf6 Qd8 26. Qf4 bxc3 27. bxc3 Rb3 28. Re3 Rb7 29. h5 Nce7 30. Ng5 h6 31. Ngh7 g5 32. Nxg5 hxg5 33. Qxg5 Qb8 34. Rf1 Ba4 35. Rh3 Bc2 36. h6 Ng6 37. h7 N8e7 38. Nh5 f6 39. exf6 Nc6 40. Ng7 Qc8 41. Re1 Nd8 42. Nh5 1/2-1/2

[Event "Mediterranean op 3rd"]
[Site "Rijeka"]
[Date "2009.11.30"]
[Round "4"]
[White "Kozarcanin, Sead"]
[Black "Kanceljak, Dalia"]
[Result "1-0"]
[WhiteElo "2187"]
[BlackElo "1919"]
[PlyCount "50"]
[EventDate "2009.11.27"]
[EventType "swiss"]
[EventRounds "9"]
[EventCountry "CRO"]
[SourceTitle "CBM 133 Extra"]
[Source "ChessBase"]
[SourceDate "2010.01.05"]
[SourceVersion "1"]
[SourceVersionDate "2010.01.05"]
[SourceQuality "1"]

1. e4 c5 2. Nf3 e6 3. d3 d6 4. g3 Nc6 5. Bg2 Nf6 6. Qe2 Be7 7. 0-0 0-0 8. c3 Rb8 9. a4 a6 10. Rd1 Qa5 11. e5 Nd7 12. exd6 Bxd6 13. Nbd2 b5 14. Ne4 Be7 15. Bf4 e5 16. axb5 Qxb5 17. Bc1 f5 18. c4 Qb6 19. Nc3 Bd6 20. Ng5 Ne7 21. Nd5 Nxd5 22. Bxd5+ Kh8 23. Nxh7 Rf6 24. Qh5 Rh6 25. Bxh6 gxh6 1-0

[Event "CRO-chT (Women) 18th"]
[Site "Sibenik"]
[Date "2009.09.22"]
[Round "2"]
[White "Purgar, Ivona"]
[Black "Kanceljak, Dalia"]
[Result "1-0"]
[WhiteElo "2093"]
[BlackElo "1930"]
[PlyCount "93"]
[EventDate "2009.09.21"]
[EventType "team-tourn"]
[EventRounds "9"]
[EventCountry "CRO"]
[SourceTitle "CBM 132 Extra"]
[Source "ChessBase"]
[SourceDate "2009.11.03"]
[SourceVersion "1"]
[SourceVersionDate "2009.11.03"]
[SourceQuality "1"]

1. e4 c5 2. Nf3 e6 3. d4 cxd4 4. Nxd4 a6 5. Bd3 Ne7 6. 0-0 g6 7. c4 Bg7 8. Nf3 Nbc6 9. Nc3 Qc7 10. Qe2 0-0 11. Bd2 b6 12. Rac1 Bb7 13. a3 Na5 14. Bg5 Nec6 15. Qc2 Ne5 16. Nxe5 Qxe5 17. Be3 Rac8 18. f4 Qh5 19. b3 b5 20. c5 Nc6 21. Qf2 Bf6 22. Rfd1 Rfd8 23. Be2 Qh6 24. e5 Be7 25. Bf3 Na5 26. Bxb7 Nxb7 27. b4 f6 28. exf6 Bxf6 29. Ne4 Qg7 30. Nxf6+ Qxf6 31. Qf3 Rc6 32. Rxd7 Rxd7 33. Qxc6 Rd3 34. Qxb7 Rxe3 35. Rd1 Rxa3 36. Qc8+ Kg7 37. Qd7+ Kh6 38. Qd2 Ra1 39. Rxa1 Qxa1+ 40. Kf2 Qf6 41. c6 Qe7 42. f5+ Kh5 43. fxe6 Qh4+ 44. Kg1 Qe4 45. Qd1+ Kh4 46. Qc1 Qxe6 47. Qh6+ 1-0